000 04623cam a22012374i 4500
003 PE-LiUPU
005 20250813185600.0
008 150706s r 000 0 d
020 _a8497000773
035 _a(Sirsi) i9788497000772
040 _aPE-LiUPU
_bspa
_cPE-LiUPU
_erda
049 _aPRUA
082 0 4 _a378
_bA45
_221
245 0 0 _aCalidad de las universidades y orientación universitaria /
_cVíctor Álvarez Rojo, Ágel Lázaro Martínez coord.
264 1 _aArchidona (Málaga) :
_bAljibe,
_c[2002] .
300 _a499 páginas :
_bilustraciones, cuadro, ;
_c24 centímetros
336 _atext
_2rdacontent
337 _aunmediated
_2rdamedia
338 _avolume
_2rdacarrier
504 _aIncluye bibliografía.
505 0 _aLa enseñanza universitaria -- Funciones de la Universidad en la sociedad actual -- La función cultural social de la universidad -- ¿Es todavía posible esta doble función en la sociedad del conocimiento y de la información? -- El reto de enseñar hoy en la Universidad -- La enseñanza universitaria en España -- La innovación y mejora en la enseñanza universitaria.-Evaluación institucional: algunos fundamentos y razones -- Modelos y estrategias de evaluación dela calidad en la educación superior -- La orientación educativa como elemento de calidad universitaria -- La orientación de la universidad: ámbitos de intervención, etas y objetivos roles y funciones del orientador. Análisis de una estrategia de integración de la orientación en el currículum universitario.-La orientación académica en la universidad -- Orientación del aprendizaje en la enseñanza universitaria -- La acción tutorial de la función docente universitaria -- Orientación y atención a la diversidad en la universidad -- Orientación para el desarrollo de la carrera profesional del universitario -- Programas de cooperación universitaria a distancia: estrategias organizativas y nuevas tecnologías aplicadas a la orientación a distancia -- Programas no institucionales de orientación universitaria: tipos y características de cada programa -- La orientación universitaria en España: evolución histórica y servicio ofertados en actualidad -- Orientación universitaria en los ámbitos europeos y anglosajón.
526 _aP202
526 _aP201
526 _aP163
526 _aP162
526 _aP161
526 _aP160
526 _aP148
526 _aP147
526 _aP146
526 _aP145
526 _aP144
526 _aP143
526 _aP142
526 _aP141
526 _aP140
526 _aP139
526 _aP138
526 _aP137
526 _aP136
526 _aP135
526 _aP134
526 _aP133
526 _aP129
526 _aP128
526 _aP127
526 _aP120
526 _aP119
526 _aP118
526 _aP116
526 _aP115
526 _aP114
526 _aP110
526 _aP109
526 _aP108
526 _aP104
526 _aP103
526 _aP102
526 _aP99
526 _aP98
526 _aP97
526 _aP96
526 _aP95
526 _aP93
526 _aP90
526 _aP89
526 _aP88
526 _aP83
526 _aP82
526 _aP62
526 _aP59
526 _aP58
526 _aP57
526 _aP51
526 _aP49
526 _aP48
526 _aP47
526 _aP29
526 _aP24
526 _aP20
526 _aP19
526 _aP17
526 _aP15
526 _aP14
526 _aP12
526 _aP10
526 _aP09
526 _aP08
526 _aP07
526 _aP06
526 _aP05
526 _aP04
526 _aP01
650 1 4 _aEnseñanza superior
_zEspaña
_ySiglo XX.
650 2 4 _aOrientación pedagógica.
650 2 4 _aEnseñanza universitaria
_zEspaña.
700 1 _aÁlvarez Rojo, Víctor,
_ecoord.
700 1 _aLazaro Martinez, Angel,
_ecoord.
910 _agl
_bjv
_cng
_d20110216
942 _2ddc
_cBOOK
949 _aPGE 378 A45
_wDEWEY
_c1
_i62605
_lCCODEBUL1
_mBUL
_p38.00
_r0
_sY
_tBOOK
_u2015-7-6
_xEDUCACION
_PP57
_0COMPRA
_o.CIRCNOTE. No olvidar cambiar la fecha de devolución!!!!!!!
_o.STAFF. Colección General
994 _aC0
_bPEPRU
596 _a1
999 _aPGE 378 A45
_wDEWEY
_c51714
_i62605
_f2021-11-8
_g5
_lCCODEBUL1
_mBUL
_p38.00
_r0
_sY
_tBOOK
_u2015-7-6
_xEDUCACION
_PP57
_0COMPRA
_o.CIRCNOTE. No olvidar cambiar la fecha de devolución!!!!!!!
_o.STAFF. Colección General
_d51714
980 _81
_gALBERTO SANCHEZ Responsable de Automatización